Muslim festivals in India and other essays
| Main Author: | |
|---|---|
| Contributors: | |
| Format: | Print Book |
| Language: | English |
| Subito Delivery Service: | Order now. |
| Check availability: | HBZ Gateway |
| WorldCat: | WorldCat |
| Interlibrary Loan: | Interlibrary Loan for the Fachinformationsdienste (Specialized Information Services in Germany) |
| Published: |
Delhi [u.a.]
Oxford University Press
1995
|
| In: | Year: 1995 |
| Standardized Subjects / Keyword chains: | B
India
/ Islam
/ Festivity
/ Custom
/ History
|
| Further subjects: | B
Fasts and feasts
India
B Religion B Fasts and feasts Islam B Festivals India B Fasts and feasts India Islam |
| Online Access: |
Publisher description |
MARC
| LEADER | 00000cam a2200000 c 4500 | ||
|---|---|---|---|
| 001 | 1602780625 | ||
| 003 | DE-627 | ||
| 005 | 20251225191357.0 | ||
| 007 | tu | ||
| 008 | 951108s1995 ii ||||| 00| ||eng c | ||
| 010 | |a 96900518 | ||
| 016 | 7 | |a b95R5167 |2 UK | |
| 020 | |a 0195636775 |9 0-19-563677-5 | ||
| 035 | |a (DE-627)1602780625 | ||
| 035 | |a (DE-576)048789690 | ||
| 035 | |a (DE-599)BSZ048789690 | ||
| 035 | |a (OCoLC)34924994 | ||
| 035 | |a (OCoLC)248918913 | ||
| 035 | |a (OCoLC)34924994 | ||
| 040 | |a DE-627 |b ger |c DE-627 |e rakwb | ||
| 041 | |a eng |k fre | ||
| 044 | |c XB-IN | ||
| 050 | 0 | |a BP186 | |
| 082 | 0 | |a 297.360954 | |
| 082 | 0 | |a 297.3/0954 | |
| 082 | 0 | |a 297.30954 | |
| 082 | 0 | |a 394.2682970954 | |
| 084 | |a 6,24 |a 0 |2 ssgn | ||
| 084 | |a BE 8092 |2 rvk |0 (DE-625)rvk/10700: | ||
| 084 | |a LB 62385 |2 rvk |0 (DE-625)rvk/90579:894 | ||
| 100 | 1 | |0 (DE-588)118863169 |0 (DE-627)07963950X |0 (DE-576)168041804 |4 aut |a Garcin de Tassy, Joseph-Héliodore-Sagesse-Vertu |d 1794-1878 | |
| 109 | |a Garcin de Tassy 1794-1878 |a Tassy, Joseph Héliodore Garcin de 1794-1878 |a Garsan Ditasi 1794-1878 |a Garcīn da Tāsī 1794-1878 |a Tassy, Josèph Heliodore Garcin de 1794-1878 |a Ditasi, Garsan 1794-1878 |a Garcin de Tassy, Joseph-Héliodore 1794-1878 |a Tassy, Joseph Héliodore Sagesse Vertu Garcin de 1794-1878 |a Garcin de Tassy, Joseph Héliodore Sagesse Vertu 1794-1878 |a Garcin de Tassy, Joseph Héliodore 1794-1878 |a Tassy, Joseph-Héliodore-Sagesse-Vertu Garcin de 1794-1878 |a Garcin de Tassy, Josèphe Heliodor 1794-1878 |a Tassy, Josèph Heliodore de 1794-1878 |a Tassy, Garcin de 1794-1878 |a Gharsin, Yusuf Ilyudurs 1794-1878 |a Garcin de Tassy, Joseph-Héliodore-Sagesse-Vertu 1794-1878 |a Garcin de Tassy, Joseph 1794-1878 |a Tassy, Garzin de 1794-1878 |a Garsaṅ da Tāsī 1794-1878 |a Garsaṃ da Tāsī 1794-1878 |a Garcin de Tassy, M. 1794-1878 |a Garcin de Tassy, Joseph H. 1794-1878 |a Tassy, Joseph H. de 1794-1878 | ||
| 191 | |a 1 | ||
| 240 | 1 | 0 | |a Mémoire sur des particularités de la religion musulmane dans l'Inde <engl.> |
| 245 | 1 | 0 | |a Muslim festivals in India and other essays |c Garcin de Tassy. Transl. and ed. by M. Waseem |
| 263 | |a : £ 10.99 | ||
| 264 | 1 | |a Delhi [u.a.] |b Oxford University Press |c 1995 | |
| 300 | |a 197 S. | ||
| 336 | |a Text |b txt |2 rdacontent | ||
| 337 | |a ohne Hilfsmittel zu benutzen |b n |2 rdamedia | ||
| 338 | |a Band |b nc |2 rdacarrier | ||
| 500 | |a Translated from the French | ||
| 583 | 1 | |a Archivierung prüfen |c 20200919 |f DE-640 |z 3 |2 pdager | |
| 583 | 1 | |a Archivierung/Langzeitarchivierung gewährleistet |f SSG |x XA-DE-BW |2 pdager |5 DE-21 | |
| 650 | 0 | |a Religion | |
| 650 | 0 | |a Fasts and feasts |x Islam | |
| 650 | 0 | |a Fasts and feasts |x India | |
| 650 | 4 | |a Fasts and feasts |x India |x Islam | |
| 650 | 4 | |a Festivals |x India | |
| 689 | 0 | 0 | |d g |0 (DE-588)4026722-2 |0 (DE-627)104585129 |0 (DE-576)208967699 |2 gnd |a Indien |
| 689 | 0 | 1 | |d s |0 (DE-588)4027743-4 |0 (DE-627)106283499 |0 (DE-576)20897220X |2 gnd |a Islam |
| 689 | 0 | 2 | |d s |0 (DE-588)4121260-5 |0 (DE-627)10577071X |0 (DE-576)209541814 |2 gnd |a Fest |
| 689 | 0 | 3 | |d s |0 (DE-588)4008017-1 |0 (DE-627)106370308 |0 (DE-576)208873813 |2 gnd |a Brauch |
| 689 | 0 | 4 | |q z |2 gnd |a Geschichte |
| 689 | 0 | |5 (DE-627) | |
| 700 | 1 | |e Hrsg. |0 (DE-588)118125885 |0 (DE-627)079258735 |0 (DE-576)177893117 |4 edt |a Waseem, M. |d 1935-2001 | |
| 700 | 1 | 2 | |a Garcin de Tassy, Joseph-Héliodore-Sagesse-Vertu |d 1794-1878 |t Mémoire sur des particularités de la religion musulmane dans l'Inde <engl.> |
| 856 | 4 | 2 | |u http://www.loc.gov/catdir/enhancements/fy0635/96900518-d.html |x Verlag |y Publisher description |7 1 |
| 889 | |w (DE-627)213266172 | ||
| 889 | |w (DE-627)35898341X | ||
| 935 | |a mteo | ||
| 935 | |i mdedup | ||
| 936 | r | v | |a BE 8092 |b Islam in Indien |k Theologie und Religionswissenschaften |k Religionswissenschaft |k Religionsgeschichte |k Indien |k Islam in Indien |0 (DE-627)1273430883 |0 (DE-625)rvk/10700: |0 (DE-576)203430883 |
| 936 | r | v | |a LB 62385 |b Indien |k Sozial- und Kulturanthropologie. Empirische Kulturwissenschaft |k Rituale und Bräuche |k Feste, öffentliche Zeremonien |k Asien (ohne GUS) |k Südasien |k Indien |0 (DE-627)1272509508 |0 (DE-625)rvk/90579:894 |0 (DE-576)202509508 |
| 951 | |a BO | ||
| ELC | |b 1 | ||
| ITA | |a 1 |t 1 | ||
| LOK | |0 000 xxxxxcx a22 zn 4500 | ||
| LOK | |0 001 3087865230 | ||
| LOK | |0 003 DE-627 | ||
| LOK | |0 004 1602780625 | ||
| LOK | |0 005 20000907000000 | ||
| LOK | |0 008 960726||||||||||||||||ger||||||| | ||
| LOK | |0 040 |a DE-21 |c DE-627 |d DE-21 | ||
| LOK | |0 852 |a DE-21 | ||
| LOK | |0 852 1 |c 36 A 11709 |9 00 | ||
| LOK | |0 935 |a vord |a sued | ||
| LOK | |0 936ln |a s16.5 | ||
| LOK | |0 936ln |a v6.9 | ||
| LOK | |0 939 |a 26-07-96 |b l01 | ||
| LOK | |0 000 xxxxxcx a22 zn 4500 | ||
| LOK | |0 001 4426879477 | ||
| LOK | |0 003 DE-627 | ||
| LOK | |0 004 1602780625 | ||
| LOK | |0 005 20231218173703 | ||
| LOK | |0 008 231205||||||||||||||||ger||||||| | ||
| LOK | |0 040 |a DE-Tue135 |c DE-627 |d DE-Tue135 | ||
| LOK | |0 092 |o n | ||
| LOK | |0 852 |a DE-Tue135 | ||
| LOK | |0 852 1 |9 00 | ||
| LOK | |0 935 |a hdsa | ||
| LOK | |0 939 |a 05-12-23 |b l01 | ||
| ORI | |a SA-MARC-ixtheoa001.raw | ||
| REF | |a Festbrauch | ||
| REL | |a 1 | ||
| STA | 0 | 0 | |a Custom,Customs,Traditions,Custom,Folklore,Religious custom,Festivity,Festivity,Celebration,Parties,History,History,History in art,India,India,India,India,India,India,India,India,Southern India,Northeastern India,Northwestern India,Southeastern India,Northern India,Western India,Islam,Islam,Religion,Religions,Religion,Religion in literature |
| STB | 0 | 0 | |a Fête,Fête,Histoire,Histoire,Histoire,Inde,Islam,Islam,Religion,Religions,Religion,Us et coutumes,Us et coutumes |
| STC | 0 | 0 | |a Fiesta,Fiesta,Conmemoración,Conmemoración,Conmemoración (Motivo),Conmemoración,Historia,Historia,Historia,India,Islam,Islam,Religión,Religión,Religión,Tradiciones y costumbres,Tradiciones y costumbres |
| STD | 0 | 0 | |a Festa,Festa,India,Islam,Islam,Religione,Religione,Religione,Storia,Storia,Usi e costumi <motivo>,Usi e costumi,Usanza,Usanza,Usanza (motivo),Usanza |
| STE | 0 | 0 | |a 伊斯兰教,伊斯兰教,回教,回教,印度,历史,史,宗教,宗教,节日,节日,庆典,庆祝活动,庆典,庆祝活动,风俗,传统,习俗 |
| STF | 0 | 0 | |a 伊斯蘭教,伊斯蘭教,回教,回教,印度,宗教,宗教,歷史,史,節日,節日,慶典,慶祝活動,慶典,慶祝活動,風俗,傳統,習俗 |
| STG | 0 | 0 | |a Festa,Festa,Comemoração,Comemoração,Comemoração (Motivo),Comemoração,História,História,Islã,Islã,Religião,Religião,Tradições e costumes,Tradições e costumes,Índia |
| STH | 0 | 0 | |a Индия (мотив),Ислам (мотив),Ислам,История (мотив),История,Народные обычаи (мотив),Народные обычаи,Религия (мотив),Религия,Торжество (мотив),Торжество |
| STI | 0 | 0 | |a Ήθη και έθιμα (μοτίβο),Ήθη και έθιμα,Γιορτή (μοτίβο),Γιορτή,Θρησκεία (μοτίβο),Θρησκεία,Ινδία (μοτίβο),Ισλάμ (μοτίβο),Ισλάμ,Ιστορία (μοτίβο),Ιστορία |
| SUB | |a REL | ||
| SYE | 0 | 0 | |a Religion,Mystik,Mythologie |
| SYG | 0 | 0 | |a India , Bharat,Indische Union,Altindien,Hindustan,Hindostan,Indien,Indie,Indian Union,Bhārata Gaṇarājya,Bhārata,Indien,Republik Indien,Indien,Dominion of India,India,Republic of India,Inde,Indië,Bharata,Indiia,Indland,Hindiston Respublikasi,Satharanarat 'India,Yin-tu , Islam , Festkultur,Feste,Festivität,Feste,Festivität , Brauchtum,Volksbrauch,Bräuche,Volksbrauchtum,Volksbräuche , History,Geschichtliche Epoche,Historical development,Historische Entwicklung,Landesgeschichte,Regionalgeschichte,Ortsgeschichte,Zeitgeschichte |
| TIM | |a 100019470815_100020261231 |b 1947-08-15 - 2026 | ||